Biological and chemical conversion technologies
Saved in:
| Format: | Book |
|---|---|
| Language: | Undetermined |
| Published: |
United States
[2000]
|
| Subjects: | |
| Tags: |
Add Tag
No Tags, Be the first to tag this record!
|
| Institutions: | Trung tâm Học liệu Trường Đại học Cần Thơ |
|---|
| LEADER | 00405nam a2200145Ia 4500 | ||
|---|---|---|---|
| 001 | CTU_156452 | ||
| 008 | 210402s9999 xx 000 0 und d | ||
| 082 | |a 572 | ||
| 082 | |b B615 | ||
| 245 | 0 | |a Biological and chemical conversion technologies | |
| 260 | |a United States | ||
| 260 | |c [2000] | ||
| 650 | |a Biochemistry,Hóa sinh | ||
| 904 | |i QHieu | ||
| 980 | |a Trung tâm Học liệu Trường Đại học Cần Thơ | ||